Logo CIB grande

WATER CHEMISTRY (Registro nro. 234015)

Detalles MARC
000 -LEADER
campo de control de longitud fija 00500nam a2200217Ia 4500
005 - FECHA Y HORA DE LA ÚLTIMA TRANSACCIÓN
campo de control 20250425162652.0
008 - DATOS DE LONGITUD FIJA--INFORMACIÓN GENERAL
campo de control de longitud fija 250425s9999 xx 000 0 und d
020 ## - NÚMERO INTERNACIONAL ESTÁNDAR DEL LIBRO
Número Internacional Estándar del Libro 0471051969
041 ## - CÓDIGO DE IDIOMA
Código de lengua del texto/banda sonora o título independiente eng
082 ## - NÚMERO DE LA CLASIFICACIÓN DECIMAL DEWEY
Número de clasificación 546.22
010 ## - NÚMERO DE CONTROL DE LA BIBLIOTECA DEL CONGRESO
Número de control de LC 95429
100 ## - ENTRADA PRINCIPAL--NOMBRE DE PERSONA
Nombre de persona SNOEYINK, VERNON L
245 #0 - MENCIÓN DEL TÍTULO
Título WATER CHEMISTRY
250 ## - MENCION DE EDICION
Mención de edición S.E
260 ## - PUBLICACIÓN, DISTRIBUCIÓN, ETC.
Lugar de publicación, distribución, etc. Estados Unidos
Nombre del editor, distribuidor, etc. JOHN WILEY & SONS
Fecha de publicación, distribución, etc. 1980
260 ## - PUBLICACIÓN, DISTRIBUCIÓN, ETC.
Lugar de publicación, distribución, etc. NEW YORK
300 ## - DESCRIPCIÓN FÍSICA
Extensión 463
650 ## - PUNTO DE ACCESO ADICIONAL DE MATERIA--TÉRMINO DE MATERIA
Término de materia o nombre geográfico como elemento de entrada AGUA-QUIMICA
700 ## - ENTRADA AGREGADA--NOMBRE PERSONAL
Nombre de persona JENKINS, DAVID
942 ## - ELEMENTOS DE ENTRADA SECUNDARIOS (KOHA)
Tipo de ítem Koha Libros
Existencias
Estatus retirado Estado de pérdida Estado de daño No para préstamo Biblioteca de origen Biblioteca actual Fecha de adquisición Coste, precio normal de compra Total de préstamos Código de barras Copia número
        CENTRO NACIONAL DE INVESTIGACIONES MARINAS CENTRO NACIONAL DE INVESTIGACIONES MARINAS 26/10/2015 10.00   D-81192 1

Copyright 2025 ESPOL. Todos los derechos reservados.